000 03445njm a2200517Ia 4500
001 24102
003 IT-RoPAU
005 20220918181124.0
008 131025s9999 xx 000 0 und d
040 _aIT-RoPAU
040 _cIT-RoPAU
999 _c100011
_d100011
999 _bn.d.
100 _aAA.VV.
_9794
100 _eAutore musica
_98790
100 _gCodice autore musica SPICS: 12000
_9796
245 _aLady "Di" (Lp Pl 31638)
250 _a1a ed.
260 _aROMA
260 _bRCA (RADIO CORP. AMERICA)
_c1982 [1a Ed.:1982]
300 _aDISCO
300 _c54 minuti (Testo: pag.)
500 _aMusica strumentale. Arrangiamento. Pianoforte
505 _aLady "Di" (3:00) - Serenade (4:00) - Cavatina (4:00) - Guantanamera (3:00) - Ne me quitte pas (3:00) - Les regrets (4:00) - Les feuilles mortes (3:00) - Medley West Side Story [(Maria-Tonight-America) (7:00)] - Les derniers jours d'Anastasia Kemsky (4:00) - Le cygne (4:00) - Greensleeves (4:00) - Romance (4:00) - Vivre ailleurs (3:00) - Vals del recuerdo (3:00) - Love Is a Many Splendored Thing (3:00) - Children of the Wind (3:00) - Le deuxieme slow (4:00)
650 _aSTRUMENTALE [DISCHI]
_eCodice MATERIA SPICS: 9950
_9828
700 _aClayderman Richard
_gCodice interprete SPICS: 7953
_eInterprete
_98791
700 _aSenneville Paul De
_gCodice autore musica SPICS: 14362
_eAutore musica
_pLady "Di" - Les derniers jours d'Anastasia Kemsky - Vivre ailleurs - Le deuxieme slow
_98792
700 _aBaudlot Jean
_gCodice autore SPICS: 14408
_eAutore
_pLady "Di" - Les derniers jours d'Anastasia Kemsky - Vivre ailleurs - Le deuxieme slow
_98793
700 _aSchubert Franz
_gCodice autore musica SPICS: 10690
_eAutore musica
_pSerenade
_98794
700 _aToussaint Olivier
_gCodice autore SPICS: 14363
_eAutore
_pSerenade - Greensleeves - Romance - Vals del recuerdo
_98795
700 _aSalesses Gerard
_gCodice autore testo/musica SPICS: 25301
_eAutore testo/musica
_pSerenade - Greensleeves - Romance - Vals del recuerdo
_98796
700 _aStanley
_gCodice autore musica SPICS: 26414
_eAutore musica
_pCavatina
_98797
700 _aSimon Paul
_gCodice autore SPICS: 11156
_eAutore
_pCavatina
_98798
700 _aMyers
_gCodice autore testo/musica SPICS: 14409
_eAutore testo/musica
_pCavatina
_98799
700 _aSeeger A.
_gCodice autore musica SPICS: 14410
_eAutore musica
_pGuantanamera
_98800
700 _aCosma Vittorio
_gCodice autore musica SPICS: 14411
_eAutore musica
_pLes feuilles mortes
_98801
700 _aPrevert Jacques
_gCodice autore SPICS: 2341
_eAutore
_pLes feuilles mortes
_98802
700 _aBernstein Leonard
_gCodice autore musica SPICS: 10723
_eAutore musica
_pMedley West Side Story
_98803
700 _aSondheim Stephen
_gCodice autore SPICS: 8298
_eAutore
_pMedley West Side Story
_98804
700 _aSaint-Saens Camille
_gCodice autore musica SPICS: 10689
_eAutore musica
_pLe cygne
_98805
700 _aBeethoven Ludwig Van
_gCodice autore musica SPICS: 10721
_eAutore musica
_pRomance
_98806
700 _aMolar Ben
_gCodice autore musica SPICS: 26658
_eAutore musica
_pVals del recuerdo
_98807
700 _aWebster Benjamin Francis (Ben)
_gCodice autore musica SPICS: 14419
_eAutore musica
_pLove Is a Many Splendored Thing
_98808
700 _aFain Sammy
_gCodice autore SPICS: 14147
_eAutore
_pLove Is a Many Splendored Thing
_98809
700 _aPlessis Koos Du
_gCodice autore musica SPICS: 26659
_eAutore musica
_pChildren of the Wind
_98810
942 _cMD
_2ddc